Aachen A-Z - Statistiken

Allgemein
  • Dieses Quiz wurde 258 mal gespielt
    242 seit der letzten Aktualisierung
  • Das Durchschnittsergebnis liegt bei 13 aus 29
Antwortstatistiken
# Hinweis Antwort % Korrekt
N Nachbarland Niederlande
87%
D Ort wo die Grenzen von Belgien, Deutschland und den Niederlanden aufeinandertreffen Dreiländereck
84%
R Größte Universität Aachens RWTH Aachen
82%
A Französischer Name Aix-la-Chapelle
79%
L Hügel direkt nördlich von Aachen {Lous}berg
77%
T Name des Stadions von Alemannia Aachen Tivoli
77%
Ö Aachener Dialekt {Öcher} Platt
76%
P Erhaltenes Stadttor im nördlichen Aachen Ponttor
76%
F Reich zu dem Aachen um 800 gehörte {Franken}reich
69%
X 100km entfernte Stadt Xanten
60%
E Kongreßhalle im Stadtgarten Eurogress
59%
K Zentraler Platz zwischen Rathaus und Dom Katschhof
58%
M Erhaltenes Stadttor im südlichen Aachen {Marschier}tor
53%
Ü Stadt 17km nördlich von Aachen Übach-Palenberg
53%
J Straße vom Alleenring Richtung Nordosten nach Haaren benannt nach einer Stadt zwischen Garzweiler und #I {Jülich}er Straße
52%
O Großer Kaiser der am 7.August.936 in Aachen zum deutschen König gekrönt wurde {Otto} der Große
49%
Ä Aachen ist Teil dieses Kommunalverbands Enthält ein Ä {Städteregion} Aachen
44%
I Braunkohletagebau nordöstlich von Aachen Inden
40%
C Großer Kaiser der von um 800 von Aachen aus regierte Lateinischer Name Carolus Magnus
29%
Y 1938 angezündetes Gotteshaus Enthält ein Y Alte {Synagoge}
28%
B Teil des Alleenrings Boxgraben
18%
W Netz aus Befestigungsanlagen das in den 1930/40ern erbaut wurde Westwall
18%
V Alter Name von #D 1830-1918 Vierländereck
15%
H Nordwestlicher Ortsteil Horbach
13%
Z Der Dom wurde ursprünglich als dies genutzt Endet auf Z {Pfalz}kapelle
13%
S Hügel südöstlich an #L anschließend {Salvator}berg
12%
G Erhaltener Teil der Kaiserpfalz aus karolinigischer Zeit {Granus}turm
10%
Q Lateinischer Name Enthält ein Q Aquæ Granni
7%
U Viertel östlich vom Stadtpark {Ungarn}viertel
5%
Keine übereinstimmenden Quizze gefunden
Verteilung der Resultate
Anzahl Personen mit jedem Resultat
Perzentil nach korrekt beantworteten Fragen
Ihre Resultats-Entwicklung
Sie haben dieses Quiz seit der letzten Aktualisierung nicht gespielt